Der alte Orient /

محفوظ في:

المؤلف الرئيسي: Orthmann, Winfried (مؤلف)

مؤلفون آخرون: Amiet, Pierre.

التنسيق: كتاب

اللغة: German

منشور في: Berlin : Propyläen-Verl., 1985.

سلاسل: Propyläen Kunstgeschichte (Berlin, Germany : 1966) ; 18.

الموضوعات:

الوسوم: إضافة وسم

لا توجد وسوم, كن أول من يضع وسما على هذه التسجيلة!

رقم الطلب: N5345 .O77 1985

LEADER 00992namaa2200277 4500
001 25155
003 OSt
005 20250819125627.0
008 130303s1985 gw abef b 001 0 ger d
020 |a 9783549056660 
040 |c ARCE Library 
050 4 |a N5345 .O77 1985 
100 1 |a Orthmann, Winfried,   |e author  |9 37147 
245 1 4 |a Der alte Orient /   |c von Winfried Orthmann ; mit Beiträgen von Pierre Amiet ....[et al.]. 
264 1 |a Berlin :   |b Propyläen-Verl.,   |c 1985. 
300 |a 567 pages, [300] leaves of plates :   |b illustrations (some color), maps, plans ;   |c 28 cm . 
490 1 |a Propyläen Kunstgeschichte ;   |v 18. 
504 |a Includes bibliographical references (pages 542-557) and index. 
650 0 |a Art, Ancient  |z Middle East. 
650 0 |a Art  |z Middle East. 
651 0 |a Middle East  |x Antiquities. 
700 1 |a Amiet, Pierre.  |9 25318 
830 0 |a Propyläen Kunstgeschichte (Berlin, Germany : 1966) ;   |v 18. 
901 |a reviewed 
942 |c BK  |2 lcc 
999 |c 21115  |d 21115